000 00667nam a2200253Ia 4500
003 OSt
005 20221007071522.0
006 a|||||r|||| 00| 0
007 ta
008 221006b |||||||| |||| 00| 0 eng d
024 _a1,216
037 _cReference Collections
040 _aFLL
_cFLL
_beng
041 _2eng
_aeng
082 _aX425:Z3, L9
100 _aIvamy E. R. Hardy
245 0 _aMarine insurance
250 _a3rd
260 _aLondon
_bButterworths UK
_c1979
300 _a588p
_ccm.
650 _aLaw of the sea
_9688907
942 _hX425:Z3, L9
_cREF
_2CC
999 _c1143562
_d1143562